| 000 | 00658nam a2200205Ia 4500 | ||
|---|---|---|---|
| 008 | 220216s9999 xx 000 0 und d | ||
| 100 | _aSuravanit Rasamee | ||
| 245 | 0 | _aPreliminary proof clone trial of ortet clones from Brazil | |
| 260 | _bPreprints of Papers. International Natural Rubber Conference 13-14 November 2006, Vietnam, pp.285-290. | ||
| 650 | _aBrazil | ||
| 650 | _aOrtet clones | ||
| 650 | _aPreliminary proof clone trial | ||
| 700 | _aDamrikhemtrakul Wiparat | ||
| 700 | _aPrommee Wittaya | ||
| 700 | _aPrukwiwat Wanpen | ||
| 700 | _aRodesujit Arom | ||
| 700 | _aSangsing Krissada | ||
| 700 | _aTan-Apiiom Verapong | ||
| 942 | _cJS | ||
| 999 |
_c65502 _d65502 |
||